| 000 | 01052cam a2200205 i 4500 | ||
|---|---|---|---|
| 005 | 20251123100954.0 | ||
| 008 | 250721s2009 jo gr 000 0 ara d | ||
| 082 | 1 | 4 |
_a211.2 _bع ن ب |
| 100 | 1 |
_aالعنبتاوي، سعيد بن احمد بن علي _d- 1419 ه، _eمؤلف. |
|
| 245 | 1 | 0 |
_aزينة الأداء : _bشرح حلية القراء في أحكام التلاوة والتجويد على رواية حفص ربيب عاصم / _cلفضيلة الشيخ سعيد بن أحمد بن علي العنبتاوي (ت 1419 ه) ؛ شرح الفقير لربه محمد أحمد مروح مصطفى. |
| 250 | _aالطبعة الثانية، مزيدة ومنقحة . | ||
| 264 | 3 | 1 |
_aعمان : _bدار الفرقان للنشر والتوزيع، _c2009. |
| 300 | _a320 صفحة. | ||
| 650 | 1 | 7 | _aأحكام التجويد. |
| 650 | 1 | 7 | _aالقرآن الكريم. |
| 650 | 1 | 7 | _aقراءات القرآن السبع. |
| 700 | 1 |
_aمصطفى، محمد أحمد مروح _eشارح. |
|
| 942 |
_2ddc _cBK |
||
| 999 |
_c11948 _d11948 |
||